00445nam a2200133Ia 4500008004100000040001800041041000800059100002800067245010300095260004500198300001800243650002700261650002300288130821s1981 ck gr spa  aCo-BoUCMbspa00aspa1 aIcaza, Jorged1906-197800aBarranca grande; Mam Pachabdos breves obras maestras del mayor novelista ecuatorianocJorge Icaza aBogotá (Colombia)bPlaza y Janesc1981 a101 páginas04aLiteratura ecuatoriana04aNovela ecuatoriana